| 000 | 00502nam a2200145 a 4500 | ||
|---|---|---|---|
| 001 | 000038389 | ||
| 005 | 20201002031238.0 | ||
| 008 | 130410s1995 dr 000 0 spa d | ||
| 040 |
_aDO-SdBNP _bspa _cBNPHU |
||
| 100 | 1 |
_aEsconte Abreu, Alícia _964736 |
|
| 245 | 1 | 4 |
_aLos formularios y vias administrativas para la organización laboral / _cAlícia Escoto Abreu, Eric Castro Polanco. |
| 260 |
_aSanto Domingo : _bBiblioteca Tele -3, _c1995. |
||
| 300 |
_a254 p. ; _c22 cm. |
||
| 700 | 1 |
_aCastro, Eric _964737 |
|
| 999 |
_c37879 _d37879 |
||